00368nam a2200133Ia 4500008004100000041000800041082001500049100001800064245006600082260002900148300000800177365001600185700003300201230718s9999 xx 000 0 und d aeng a004.2bTAL aTalukder A.K. aMobile ComputingbTechnology Application And Service Creation c2006bTata Mc Graw- Hill a668 cRs.b495.00 aTalukder A.K. & Yavagal R.R.